000 00350nam a22001697a 4500
003 UA-OsUOA
001 3555
007 ta
008 20050721b un ||||| |||| 00| 0 ukr d
100 _aLincoln
700 _aAbraham
942 _cBK
040 _aUA-OsUOA
_cUA-OsUOA
_dUA-OsUOA
245 _aThe Gettysburg Address.
955 _a2
650 7 _2UDC
999 _c289717
_d289717